The study of stolen love / (Record no. 158055)
[ view plain ]
| 000 -LEADER | |
|---|---|
| fixed length control field | 00702nam a22002177a 4500 |
| 005 - DATE AND TIME OF LATEST TRANSACTION | |
| control field | 20181014161851.0 |
| 010 ## - LCCN (DPL NO) | |
| LC control number | ENG-124279 |
| 020 ## - INTERNATIONAL STANDARD BOOK NUMBER | |
| Terms of availability | 1000.00 |
| International Standard Book Number | 9788184702163 |
| 035 ## - SYSTEM CONTROL NUMBER | |
| System control number | EN-107811 |
| 037 ## - SOURCE OF ACQUISITION | |
| Source of stock number/acquisition | DBAD/PUB |
| 082 ## - DEWEY DECIMAL CLASSIFICATION NUMBER | |
| Classification number | 881 |
| 245 ## - TITLE STATEMENT | |
| Title | The study of stolen love / |
| Statement of responsibility, etc | translated by David C. Buck [and] K. Paramasivam |
| 250 ## - EDITION STATEMENT | |
| Edition statement | revised ed. |
| 260 ## - PUBLICATION, DISTRIBUTION, ETC. (IMPRINT) | |
| Place of publication, distribution, etc | Pondichery |
| Name of publisher, distributor, etc | Institut Francais De Pondichery |
| Date of publication, distribution, etc | 2017 |
| 270 ## - ADDRESS | |
| Address | 11, rur Saint Louis, B.P.33, |
| City | Pondichery |
| Postal code | 605001 |
| 300 ## - PHYSICAL DESCRIPTION | |
| Extent | 343p. |
| Dimensions | 25cm(pbk) |
| 490 ## - SERIES STATEMENT | |
| Series statement | Regards sur I Asie due Sud/ South Asian Perspective -9 |
| 700 ## - ADDED ENTRY--PERSONAL NAME | |
| Personal name | Buck, David C. |
| 700 ## - ADDED ENTRY--PERSONAL NAME | |
| Personal name | Paramasivam K. |
| 942 ## - ADDED ENTRY ELEMENTS (KOHA) | |
| Source of classification or shelving scheme | Dewey Decimal Classification |
| Item type | English Books |
| Call number suffix | STU |
| Classification part | 881 |
| Withdrawn status | Lost status | Not for loan | Collection code | Home library | Current library | Date acquired | Source of acquisition | Cost, normal purchase price | Full call number | Barcode | Copy number | Cost, replacement price | Koha item type |
|---|---|---|---|---|---|---|---|---|---|---|---|---|---|
| Not For Loan | Non-fiction | D.B.Act.Division | Bawana | 15/10/2018 | DBAD/PUB | 1000.00 | 881 STU | EN-107811 | 1 | 1000.00 | English Books |
